00826cam a2200205 a 450000100100000000500170001000800410002702000150006804000250008308200150010824501230012326000770024630000210032350000500034450000410039470000460043504900090048195201130049099900170060300002537620200930023737.0901219s1995 mx 000 | spa d a9682948304 aDO-SdBNPbspacBNPHU axxxbC968p13aCultura y pospolítica :bel debate sobre la modernidad en América Latina /ccompilador Néstor García Canclini. aMéxico , D. F. :bConsejo Nacional para la Cultura y las Artes,c1995. a342 p. ;c21 cm. aIncluye bibliografía al final de las partes aIncluye refencia al pie de páginas1 aGarcía Canclini, Néstorecomp.947588 aBNGR 001050718MOaGRbGRcCTd2011-02-15iLF1l0oxxx C968pp25376-10r2020-06-25w2020-06-25y1ZNo se presta c24868d24868